000 00783nam a2200253 i 4500
001 C2-0341252
003 PPAK
005 20221211113035.0
008 170313s2015 my g 0 f may d
020 _a9789670567945
_cRM00.00
_qpaperback
040 _aPPAK
_beng
_cPPAK
_erda
_dPPAK
082 0 4 _a899.2333
_223
090 0 0 _a899.2333
_bHAZ
_dG
100 0 _aHazel Jay,
_eauthor.
245 1 0 _aEncik Suamiku Hipster /
_cHazel Jay ; Editor : Jabatan Editorial P2u
264 1 _aBandar Tun Hussein Onn, Selangor :
_bPenulisan Enterprise,
_c2015
300 _aiii, 485 pages :
_c18 cm
336 _2rdacontent
_atext
337 _2rdamedia
_aunmediated
338 _2rdacarrier
_avolume
650 1 0 _aMalay fiction.
710 2 _aJabatan Editorial P2u,
_eeditor.
942 _cB
_2ddc
999 _c138334
_d138334